Oceňovanie portfólia životnej poisťovne pomocou embedded value
Salvato in:
| Autore principale: | |
|---|---|
| Altri autori: | |
| Natura: | Capitolo di libro |
| Lingua: | slovacco |
| Soggetti: | |
| Tags: |
Nessun Tag, puoi essere il primo ad aggiungerne!!
|
MARC
| LEADER | 00000nla$a2200000$$$4500 | ||
|---|---|---|---|
| 001 | 0134957 | ||
| 005 | 20240502072521.1 | ||
| 041 | 0 | |a slo | |
| 044 | |a SK | ||
| 245 | 1 | 0 | |a Oceňovanie portfólia životnej poisťovne pomocou embedded value |c Katarína Sakálová, Ingrid Ondrejková Krčová |
| 500 | |a Abstrakt | ||
| 610 | 2 | 0 | |a poisťovne |
| 610 | 2 | 0 | |a poisťovne komerčné |
| 610 | 2 | 0 | |a zmluvy poistné |
| 610 | 2 | 0 | |a plnenie poistné |
| 610 | 2 | 0 | |a riziko poistné |
| 610 | 2 | 0 | |a cash flow |
| 610 | 2 | 0 | |a portfólio |
| 610 | 2 | 0 | |a oceňovanie |
| 610 | 2 | 0 | |a matematika poistná |
| 100 | 1 | |a Sakálová, Katarína, 1955- | |
| 700 | 1 | |a Ondrejková Krčová, Ingrid, 1969- | |